Normal view
MARC view
Entry Topical Term
001 - CONTROL NUMBER
- control field: 31553
003 - CONTROL NUMBER IDENTIFIER
- control field: dpl
005 - DATE AND TIME OF LATEST TRANSACTION
- control field: 20110805122149.0
008 - FIXED-LENGTH DATA ELEMENTS
- fixed length control field: 110805|||a|||||| | ||| d
040 ## - CATALOGING SOURCE
- Original cataloging agency: dpl
- Transcribing agency: dpl
150 ## - HEADING--TOPICAL TERM
- Topical term or geographic name as entry element: Women
- General subdivision: Legal status, laws, etc.
- Geographic subdivision: South Asia
- Form subdivision: Congresses.
670 ## - SOURCE DATA FOUND
- Source citation: Work cat.: (dpl)54722: Men's laws, women's lives :, c2005.
670 ## - SOURCE DATA FOUND
- Source citation: Work cat.: (dpl)54722: Men's laws, women's lives :, c2005.
